| 000 | 00528nam a2200133Ia 4500 | ||
|---|---|---|---|
| 008 | 170221s9999 xx 000 0 und d | ||
| 100 | _aRandall Starling | ||
| 245 | _aUsability Testing of an HPV Information Website for Parents and Adolescents | ||
| 245 | _cRandall Starling, Jessica A. Nodulman, Alberta S. Kong, Cosette M. Wheeler, David B. Buller, W. Gill Woodall | ||
| 260 | _bOnline Journal of Communication and Media Technologies | ||
| 650 | _xCommunication | ||
| 650 | _xMedia Arts | ||
| 856 | _uhttp://www.ojcmt.net/ | ||
| 999 |
_c312840 _d312840 |
||